| 000 | 00990cam a2200229 4500 | ||
|---|---|---|---|
| 001 | WB4017-13 | ||
| 008 | 040506n2004 000 0 eng u | ||
| 035 | _a(Sirsi) u126123 | ||
| 245 | _aHousing market report: April 2004 | ||
| 260 | _c2004 | ||
| 490 |
_aODPM Housing Market Report _v April 2004 (4) |
||
| 520 | _aMonthly summary of the latest indicators of UK house price inflation from the ODPM and commercial sources. Covers economic trends, regional house prices, mortgage interest rates, affordability, home loan approvals, property transactions, private house starts and repossession activity. Copies of the report are downloadable from http://www.odpm.gov.uk/stellent/groups/odpm_housin g/documents/downloadable/odpm_house_028584.pdf | ||
| 590 | _aWB | ||
| 590 | _aWB | ||
| 650 | _aREPOSSESSIONS | ||
| 650 | _aHOME LOANS | ||
| 650 | _aAFFORDABILITY | ||
| 650 | _aMORTGAGE INTEREST RATES | ||
| 650 | _aHOUSE PRICE INFLATION | ||
| 690 | _aHOUSING-MARKET | ||
| 942 | _n0 | ||
| 999 |
_c117310 _d117310 |
||